00000000nam 2200000za 4500
0019.833130
003CaOODSP
00520240527135430
007cr |||||||||||
008170227t2017    onc     o    f000 0 eng d
020 |a978-0-660-07784-0
040 |aCaOODSP|beng
043 |an-cn---
0861 |aCW69-14/487-2017E-PDF
24500|aCOSEWIC assessment and status report on the Mapleleaf, Quadrula quadrula, Great Lakes - Upper St. Lawrence population, Saskatchewan - Nelson Rivers population, in Canada |h[electronic resource].
24615|aCOSEWIC status report on the Mapleleaf, Quadrula quadrula, in Canada
260 |aOttawa : |bEnvironment and Climate Change Canada, |c2017, c2016.
300 |axv, 85 p. : |bfigures.
500 |aIssued also in French under title: Évaluation et rapport de situation du COSEPAC sur la Mulette feuille d'érable, Quadrula quadrula, population des Grands Lacs et du haut Saint–Laurent, population de la rivière Saskatchewan et du fleuve Nelson, au Canada.
500 |aCover title.
500 |a"Great Lakes - Upper St. Lawrence population - Special concern; Saskatchewan - Nelson Rivers population - Threatened, 2016."
500 |a"COSEWIC would like to acknowledge David Zanatta, Jordan Hoffman and Joseph Carney for writing the status report on the Mapleleaf."
69207|2gccst|aEndangered species
69207|2gccst|aNature conservation
69207|2gccst|aMolluscs
7001 |aZanatta, David Thomas,|d1975-
7001 |aHoffman, Jordan.
7001 |aCarney, Joseph Patrick,|d1958-
7102 |aCommittee on the Status of Endangered Wildlife in Canada.
7102 |aCanadian Wildlife Service.
7101 |aCanada. |bEnvironment and Climate Change Canada.
77508|tÉvaluation et rapport de situation du COSEPAC sur la Mulette feuille d'érable, Quadrula quadrula, population des Grands Lacs et du haut Saint–Laurent, population de la rivière Saskatchewan et du fleuve Nelson, au Canada |w(CaOODSP)9.833131
795 |tCOSEWIC assessment and status report on the Mapleleaf Mussel, Quadrula quadrula, Saskatchewan – Nelson population, Great Lakes – Western St. Lawrence population, in Canada |w(CaOODSP)9.560543
85640|qPDF|s5.14 MB|uhttps://publications.gc.ca/collections/collection_2017/eccc/CW69-14-487-2017-eng.pdf